| 000 | 00731nam a22002177a 4500 | ||
|---|---|---|---|
| 999 |
_c15293 _d15293 |
||
| 003 | AR-CdUCM | ||
| 008 | 190426b ||||| |||| 00| 0 spa d | ||
| 020 | _a978-607-16-4242-4 | ||
| 040 |
_aMUNICIPALIDAD PROVINCIAL DEL CUSCO _cBIBLIOTECA MUNICIPAL DEL CUSCO |
||
| 082 |
_aPI / 808.06 / _bZ67 |
||
| 100 |
_aZepeda, Monique _925060 |
||
| 245 | _aEn un mismo barco / | ||
| 260 |
_aMéxico : _bFondo de cultura económica, _c2016. |
||
| 300 |
_a36 paginas ; _bIlustraciones, _c29 cm. |
||
| 440 |
_aColección los especiales a la orilla del viento _934338 |
||
| 650 |
_aLiteratura infantil _9588 |
||
| 650 |
_aArte recreativo _934332 |
||
| 650 |
_aAventuras en el barco _934339 |
||
| 942 |
_2ddc _cLIBROS |
||
| 945 |
_awnts _d2019-04-26 |
||